Statistics for North American Countries By First 2 Letters

Click here to take the quiz!

General Stats

  • This quiz has been taken 451 times
  • The average score is 20 of 23

Answers on the Map

Answers color-coded by a green-red scale on the quiz's map according to % correct below.
 

Answer Stats

Country% Correct
Canada
99%
Mexico
97%
United States of America
97%
Cuba
94%
Panama
92%
Bahamas
90%
Barbados
89%
Dominica
89%
Dominican Republic
89%
Costa Rica
88%
Haiti
88%
Nicaragua
88%
Belize
87%
Guatemala
87%
Honduras
87%
El Salvador
86%
Jamaica
85%
Saint Kitts and Nevis
82%
Saint Lucia
82%
Saint Vincent and the Grenadines
82%
Trinidad and Tobago
77%
Antigua and Barbuda
73%
Grenada
69%

Score Distribution

Percentile by Number Answered

Percent of People with Each Score

Your Score History

You have not taken this quiz